000 00957nam a22002657a 4500
005 20110913162859.0
008 110913t xxu||||| |||| 00| 0 eng d
010 _aENG-103678
020 _a9789380502724
_c840.00
035 _aEN-87211
037 _bDBAD/PUB
040 _aDPL
_bEng
082 0 0 _a363.34
100 1 _aDagur, O.S.
_934724
245 1 0 _aDisaster management :
_cby O.S. Dagur
_ban appraisal of institutional mechanisms in India /
260 _aNew Delhi
_bKW Publishers
_c2011
270 _a4676/21, First Floor, Ansari Road, Daryaganj
_bNew Delhi
_e110002
300 _axvi,385p. :
_c25cm (Hb)
_bmaps
500 _aIncludes index
650 0 _934725
700 _934727
942 _2ddc
_cEN
_h363.34
_mDAG
999 _c56573
_d56573